Essentials of Business Economics (Record no. 13879)

MARC details
000 -LEADER
fixed length control field 00422nam a22001697a 4500
003 - CONTROL NUMBER IDENTIFIER
control field OSt
008 - FIXED-LENGTH DATA ELEMENTS--GENERAL INFORMATION
fixed length control field 260323b |||||||| |||| 00| 0 eng d
020 ## - INTERNATIONAL STANDARD BOOK NUMBER
International Standard Book Number 9788125924005
082 ## - DEWEY DECIMAL CLASSIFICATION NUMBER
Classification number 338.5 DWE
100 ## - MAIN ENTRY--PERSONAL NAME
Personal name DWIVEDI, D.N.
245 ## - TITLE STATEMENT
Title Essentials of Business Economics
250 ## - EDITION STATEMENT
Edition statement Reprint
260 ## - PUBLICATION, DISTRIBUTION, ETC. (IMPRINT)
Place of publication, distribution, etc Noida,
Name of publisher, distributor, etc Vikas Publishing House Pvt. Ltd.,
Date of publication, distribution, etc 2025,
300 ## - PHYSICAL DESCRIPTION
Extent 452 p.,
650 ## - SUBJECT ADDED ENTRY--TOPICAL TERM
Topical term or geographic name as entry element Commerce
942 ## - ADDED ENTRY ELEMENTS (KOHA)
Source of classification or shelving scheme Dewey Decimal Classification
Koha item type Text Books
Holdings
Withdrawn status Lost status Source of classification or shelving scheme Damaged status Not for loan Collection code Home library Current library Date acquired Source of acquisition Currency Cost, normal purchase price Bill Number Total Checkouts Full call number Acc. no. / Barcode Date last seen Actual Cost, discounted price Bill Date Koha item type
    Dewey Decimal Classification     B.Com. Hons PIET NCR College Library PIET NCR College Library 18/03/2026 Zafaa Books & Distributers In Rupees 495.00 ZBD0503   338.5 DWE N4386 23/03/2026 371.25 18/03/2026 Reference Books
    Dewey Decimal Classification     B.Com. Hons PIET NCR College Library PIET NCR College Library 18/03/2026 Zafaa Books & Distributers In Rupees 650.00 ZBD0503   338.5 DWE N4387 23/03/2026 371.25 18/03/2026 Text Books

Design & Developed by: PIET Central Library
R70 Miles Stone Pattikalyana Samalkha Panipat 132102
mail ID :- [email protected], Phone No:- 0180-2569700 Ex.216